<?xml version="1.0" encoding="UTF-8"?>
<record
    xmlns:xsi="http://www.w3.org/2001/XMLSchema-instance"
    xsi:schemaLocation="http://www.loc.gov/MARC21/slim http://www.loc.gov/standards/marcxml/schema/MARC21slim.xsd"
    xmlns="http://www.loc.gov/MARC21/slim">

  <leader>01614nam a2200301uu 4500</leader>
  <controlfield tag="001">1317357</controlfield>
  <controlfield tag="005">20260508075642.0</controlfield>
  <controlfield tag="007">cr|||||||</controlfield>
  <controlfield tag="008">130226s2013                        spa  </controlfield>
  <datafield tag="035" ind1=" " ind2=" ">
    <subfield code="a">1317357</subfield>
  </datafield>
  <datafield tag="040" ind1=" " ind2=" ">
    <subfield code="c">comduadb</subfield>
  </datafield>
  <datafield tag="041" ind1=" " ind2=" ">
    <subfield code="a">spa</subfield>
  </datafield>
  <datafield tag="080" ind1=" " ind2=" ">
    <subfield code="a">PBI</subfield>
  </datafield>
  <datafield tag="100" ind1="1" ind2="0">
    <subfield code="a">Romero Vergara, Andr&#xE9;s Felipe</subfield>
    <subfield code="4">aut</subfield>
    <subfield code="e">aut</subfield>
    <subfield code="9">648046</subfield>
  </datafield>
  <datafield tag="245" ind1="1" ind2="0">
    <subfield code="a">Implementaci&#xF3;n del programa de capacitaci&#xF3;n para el personal asistencial, para el buen uso y preservaci&#xF3;n de los equipos biom&#xE9;dicos</subfield>
  </datafield>
  <datafield tag="260" ind1=" " ind2=" ">
    <subfield code="a">Medell&#xED;n :</subfield>
    <subfield code="b">[sin publicador],</subfield>
    <subfield code="c">2013.</subfield>
  </datafield>
  <datafield tag="300" ind1=" " ind2=" ">
    <subfield code="a">39 p&#xE1;ginas</subfield>
  </datafield>
  <datafield tag="520" ind1="3" ind2=" ">
    <subfield code="a">El buen funcionamiento de los equipos m&#xE9;dicos depende en gran medida de una buena planeaci&#xF3;n tanto de los mantenimientos preventivos-correctivos y en igual medida de los adecuados procesos de calibraci&#xF3;n y la frecuencia de ellos. Dentro de las anteriores cabe resaltar que aunque se haga un buen mantenimiento preventivo un equipo, si el trato o uso por parte del personal asistencial a &#xE9;stos no es el mejor ni el m&#xE1;s adecuado, el equipo no llegar&#xE1; al pr&#xF3;ximo mantenimiento preventivo sin que antes haya pasado por al menos un correctivo, trayendo consigo, parar el equipo y dejar de prestar un servicio, costos de repuestos y/o reposici&#xF3;n.</subfield>
  </datafield>
  <datafield tag="650" ind1=" " ind2=" ">
    <subfield code="a">Programas de capacitaci&#xF3;n</subfield>
    <subfield code="9">25751</subfield>
  </datafield>
  <datafield tag="650" ind1=" " ind2=" ">
    <subfield code="a">Equipos biom&#xE9;dicos</subfield>
    <subfield code="9">95159</subfield>
  </datafield>
  <datafield tag="650" ind1=" " ind2=" ">
    <subfield code="a">Equipos biom&#xE9;dicos - Mantenimiento</subfield>
    <subfield code="9">162138</subfield>
  </datafield>
  <datafield tag="650" ind1=" " ind2=" ">
    <subfield code="a">Mantenimiento preventivo</subfield>
    <subfield code="9">13065</subfield>
  </datafield>
  <datafield tag="650" ind1=" " ind2=" ">
    <subfield code="a">Mantenimiento correctivo</subfield>
    <subfield code="9">59460</subfield>
  </datafield>
  <datafield tag="700" ind1="1" ind2="0">
    <subfield code="a">Garc&#xED;a Ramos, Javier Hernando</subfield>
    <subfield code="4">ths</subfield>
    <subfield code="e">ths</subfield>
    <subfield code="9">315770</subfield>
  </datafield>
  <datafield tag="942" ind1=" " ind2=" ">
    <subfield code="c">TESIS</subfield>
  </datafield>
  <datafield tag="999" ind1=" " ind2=" ">
    <subfield code="c">648294</subfield>
    <subfield code="d">648294</subfield>
  </datafield>
  <datafield tag="502" ind1=" " ind2=" ">
    <subfield code="b">168</subfield>
    <subfield code="c">17</subfield>
  </datafield>
  <datafield tag="526" ind1=" " ind2=" ">
    <subfield code="a">170</subfield>
  </datafield>
  <datafield tag="952" ind1=" " ind2=" ">
    <subfield code="0">0</subfield>
    <subfield code="1">0</subfield>
    <subfield code="4">0</subfield>
    <subfield code="7">0</subfield>
    <subfield code="8">TESELEC</subfield>
    <subfield code="a">CENDI</subfield>
    <subfield code="b">CENDI</subfield>
    <subfield code="d">2013-02-26</subfield>
    <subfield code="i">C1168235</subfield>
    <subfield code="l">0</subfield>
    <subfield code="o">PBI 08180</subfield>
    <subfield code="r">2023-05-02 00:00:00</subfield>
    <subfield code="t">1</subfield>
    <subfield code="w">2023-05-02</subfield>
    <subfield code="y">INTER</subfield>
    <subfield code="z">Acceso restringido.</subfield>
  </datafield>
</record>
